<?xml version="1.0" encoding="UTF-8"?>
<record
    xmlns:xsi="http://www.w3.org/2001/XMLSchema-instance"
    xsi:schemaLocation="http://www.loc.gov/MARC21/slim http://www.loc.gov/standards/marcxml/schema/MARC21slim.xsd"
    xmlns="http://www.loc.gov/MARC21/slim">

  <leader>00870cam a22002411  4500</leader>
  <controlfield tag="001">ne 64001769 </controlfield>
  <controlfield tag="003">DLC</controlfield>
  <controlfield tag="005">20260227111802.0</controlfield>
  <controlfield tag="008">890531s1962    ua            000 0 ara  </controlfield>
  <datafield tag="010" ind1=" " ind2=" ">
    <subfield code="a">ne 64001769 </subfield>
  </datafield>
  <datafield tag="035" ind1=" " ind2=" ">
    <subfield code="a">(OCoLC)19792279</subfield>
  </datafield>
  <datafield tag="040" ind1=" " ind2=" ">
    <subfield code="a">DLC</subfield>
    <subfield code="c">WaU</subfield>
    <subfield code="d">WaU</subfield>
    <subfield code="d">DLC</subfield>
  </datafield>
  <datafield tag="042" ind1=" " ind2=" ">
    <subfield code="a">premarc</subfield>
  </datafield>
  <datafield tag="050" ind1="0" ind2="0">
    <subfield code="a">KBP2035</subfield>
    <subfield code="b">.A28 1962</subfield>
  </datafield>
  <datafield tag="100" ind1="2" ind2=" ">
    <subfield code="a">Ab&#x16B; al-Majd, A&#x1E25;mad Kam&#x101;l.</subfield>
  </datafield>
  <datafield tag="245" ind1="1" ind2="0">
    <subfield code="a">Na&#x1E93;ar&#x101;t &#x1E25;awla al-fiqh al-dust&#x16B;r&#x12B; f&#x12B; al-Isl&#x101;m,</subfield>
    <subfield code="c">mu&#x1E25;&#x101;&#x1E0D;arat A&#x1E25;mad Kam&#x101;l Ab&#x16B; al-Majd lil-Mawsim al-R&#x101;bi&#x2BB; lil-mu&#x1E25;&#x101;&#x1E0D;ar&#x101;t al-&#x2BB;&#x101;mmah, 1381-1962.</subfield>
  </datafield>
  <datafield tag="260" ind1=" " ind2=" ">
    <subfield code="a">[al-Q&#x101;hirah]</subfield>
    <subfield code="b">Ma&#x1E6D;ba&#x2BB;at al-Azhar,</subfield>
    <subfield code="c">1962.</subfield>
  </datafield>
  <datafield tag="300" ind1=" " ind2=" ">
    <subfield code="a">28 p.</subfield>
    <subfield code="c">24 cm.</subfield>
  </datafield>
  <datafield tag="490" ind1="0" ind2=" ">
    <subfield code="a">Ma&#x1E6D;b&#x16B;&#x2BB;&#x101;t al-Id&#x101;rah al-&#x2BB;&#x100;mmah lil-Thaq&#x101;fah al-Isl&#x101;m&#x12B;yah bi-al-Azhar</subfield>
  </datafield>
  <datafield tag="500" ind1=" " ind2=" ">
    <subfield code="a">Cover title.</subfield>
  </datafield>
  <datafield tag="650" ind1=" " ind2="0">
    <subfield code="a">Constitutional law (Islamic law)</subfield>
  </datafield>
  <datafield tag="650" ind1=" " ind2="0">
    <subfield code="a">Advisory opinions (Islamic law)</subfield>
  </datafield>
  <datafield tag="999" ind1=" " ind2=" ">
    <subfield code="c">47226</subfield>
    <subfield code="d">47226</subfield>
  </datafield>
</record>
